000 00777nam a2200241 u 4500
005 20240417063646.0
008 120608s2008 r 000 0 eng d
020 _a9789705803093
035 _aUPN01000184905
049 _aI
050 4 _aPZ8
_bP4.5
100 1 _aPescetti, Luis María,
_d1958-
_930469
245 1 0 _aMamá, ¿por qué nadie es como nosotros? /
_cLuis María Pescetti ; il. Alfredo Aguirre ... [et al.].
260 _aMéxico :
_bAlfaguara,
_c2008.
300 _a31 p. :
_bprincipalmente il. col.
440 0 _aAlfaguara infantil.
_pDesde 8 años
650 4 _aLiteratura infantil argentina
_97511
650 4 _aFamilias
_944286
700 1 _aAguirre, Alfredo,
_eil.
905 _aInfantil
999 _c157008
_d157008